000 00959cam a2200277 i 4500
999 _c14864
_d14864
001 4598090
005 20170928140823.0
008 770223s1976 ctuaf b 001 0 eng
010 _a 76021452
020 _a0870552120
040 _aDLC
_cDLC
_dDLC
050 0 0 _aS698
_b.H4 1976
082 0 0 _a631.5/6
_bHEN/AG
100 1 _aHenderson, S. M.
_q(Silas Milton),
_d1909-
_92111
245 1 0 _aAgricultural process engineering /
_cby S. M. Henderson and R. L. Perry.
250 _a3d ed.
260 _aWestport, Conn. :
_bAvi Pub. Co.,
_cc1976.
300 _axi, 442 p., [3] fold. leaves of plates :
_bill. ;
_c24 cm.
504 _aIncludes bibliographies and index.
650 0 _aAgricultural processing.
_966
650 0 _aAgricultural engineering.
_9115
650 0 _aAgricultural machinery.
_92112
700 1 _aPerry, R. L.
_q(Russell Lawrence),
_d1904-
_ejoint author.
_92113
906 _a7
_bcbc
_corignew
_d2
_eocip
_f19
_gy-gencatlg
942 _2ddc
_cREF